সমাজ মনোবিজ্ঞান / (Record no. 3843)

MARC details
000 -LEADER
fixed length control field 00720nam a22002057a 4500
001 - CONTROL NUMBER
control field BD-DhSAU 3843
003 - CONTROL NUMBER IDENTIFIER
control field BD-DhSAU
005 - DATE AND TIME OF LATEST TRANSACTION
control field 20150210130404.0
008 - FIXED-LENGTH DATA ELEMENTS--GENERAL INFORMATION
fixed length control field 150210b1979 bg a||||r|||| 000 0 ben d
040 ## - CATALOGING SOURCE
Original cataloging agency BD-DhSAU
082 ## - DEWEY DECIMAL CLASSIFICATION NUMBER
Edition number 22
Classification number ১৫০
Item number ফখস
100 ## - MAIN ENTRY--PERSONAL NAME
Personal name ফখরুজ্জামান, মীর
245 ## - TITLE STATEMENT
Title সমাজ মনোবিজ্ঞান /
Statement of responsibility, etc. মীর ফখরুজ্জামান
260 ## - PUBLICATION, DISTRIBUTION, ETC. (IMPRINT)
Place of publication, distribution, etc. ঢাকা :
Name of publisher, distributor, etc. বই বিতান,
Date of publication, distribution, etc. ১৯৭৯.
300 ## - PHYSICAL DESCRIPTION
Extent ১১২ পৃ.:
Other physical details চিত্র ;
Dimensions ২০ সেমি
590 ## - Name of Cataloguer
Name of Cataloger joy
650 ## - SUBJECT ADDED ENTRY--TOPICAL TERM
Topical term or geographic name as entry element Sociology.
650 ## - SUBJECT ADDED ENTRY--TOPICAL TERM
Topical term or geographic name as entry element সমাজ বিজ্ঞান
650 ## - SUBJECT ADDED ENTRY--TOPICAL TERM
Topical term or geographic name as entry element সমাজ মনোবিজ্ঞান
942 ## - ADDED ENTRY ELEMENTS (KOHA)
Source of classification or shelving scheme Dewey Decimal Classification
Koha item type Book
Holdings
Withdrawn status Lost status Source of classification or shelving scheme Damaged status Not for loan Home library Branch Name Shelving location Date acquired Total Checkouts Full call number Barcode Date last seen Price effective from Koha item type
    Dewey Decimal Classification     SAU Library SAU Library General Stacks 15/09/1979   ১৫০ ফখস 4325 10/02/2015 10/02/2015 Book
    Dewey Decimal Classification     SAU Library SAU Library General Stacks 15/09/1979   ১৫০ ফখস 4324 10/02/2015 10/02/2015 Book
    Dewey Decimal Classification     SAU Library SAU Library General Stacks 15/06/1989   ১৫০ ফখস 4327 10/02/2015 10/02/2015 Book
    Dewey Decimal Classification     SAU Library SAU Library General Stacks 26/06/1979   ১৫০ ফখস 3929 10/02/2015 10/02/2015 Book
    Dewey Decimal Classification     SAU Library SAU Library General Stacks 26/06/1979   ১৫০ ফখস 4326 10/02/2015 10/02/2015 Book